00418nam a2200181Ia 4500003000400000005001700004006001900021007000300040008004100043024001000084037001200094040002000106041001300126082001900139100002500158245004400183260000900227OSt20220928143407.0a|||||r|||| 00| 0 ta220927b |||||||| |||| 00| 0 eng d a21881 cTextual aSDCLcSDCLbeng 2engaeng aE9G,92Z2, M5.2 aTschesche Harald Ed. 0aModern methods in protein chemistry.V2. c1985